Introducton to Partial Differential Equations / (Record no. 3186)

MARC details
000 -LEADER
fixed length control field 00838nam a2200253 a 4500
003 - CONTROL NUMBER IDENTIFIER
control field PK-NaQUE
005 - DATE AND TIME OF LATEST TRANSACTION
control field 20250524113649.0
008 - FIXED-LENGTH DATA ELEMENTS--GENERAL INFORMATION
fixed length control field 250524b ||||| |||| 00| 0 eng d
020 ## - INTERNATIONAL STANDARD BOOK NUMBER
International Standard Book Number 8120309790 (paperback)
020 ## - INTERNATIONAL STANDARD BOOK NUMBER
International Standard Book Number 9788120309791 (paperback)
040 ## - CATALOGING SOURCE
Transcribing agency QUEST
082 ## - DEWEY DECIMAL CLASSIFICATION NUMBER
Classification number 515.353RAO
100 1# - MAIN ENTRY--PERSONAL NAME
Personal name Rao, K. Sankara.
245 10 - TITLE STATEMENT
Title Introducton to Partial Differential Equations /
260 ## - PUBLICATION, DISTRIBUTION, ETC. (IMPRINT)
Place of publication, distribution, etc New Delhi
Name of publisher, distributor, etc Prentice-Hall of India Pvt.Ltd,
Date of publication, distribution, etc 1995.
300 ## - PHYSICAL DESCRIPTION
Extent X,357 p. ;
650 ## - SUBJECT ADDED ENTRY--TOPICAL TERM
Topical term or geographic name as entry element Perturbation (Mathematics)
650 ## - SUBJECT ADDED ENTRY--TOPICAL TERM
Topical term or geographic name as entry element Differential equations--Numerical solutions
650 ## - SUBJECT ADDED ENTRY--TOPICAL TERM
Topical term or geographic name as entry element Differential equations, Partial--Numerical solutions
650 ## - SUBJECT ADDED ENTRY--TOPICAL TERM
Topical term or geographic name as entry element Computer science--Mathematics
650 ## - SUBJECT ADDED ENTRY--TOPICAL TERM
Topical term or geographic name as entry element Differential equations
856 40 - ELECTRONIC LOCATION AND ACCESS
Uniform Resource Identifier <a href="http://10.10.170.122:8080/browse/book/27435">http://10.10.170.122:8080/browse/book/27435</a>
Link text Download eBook
942 ## - ADDED ENTRY ELEMENTS (KOHA)
Koha item type Books
Source of classification or shelving scheme Dewey Decimal Classification
Holdings
Withdrawn status Lost status Damaged status Not for loan Home library Current library Date acquired Total Checkouts Full call number Barcode Date last seen Koha item type Price effective from
        Central Library, QUEST, Nawabshah Central Library, QUEST, Nawabshah 11/06/2014   515.353RAO 26581 24/05/2025 Books 24/05/2025
        Reference Section Reference Section 15/05/2014   515.35RAO ( shelf 29C) 24241 15/05/2014 Books  
        Reference Section Reference Section 15/05/2014   515.35RAO ( shelf 29C) 24242 15/05/2014 Books  
        Seminar Library, Mathematics & Statis. Seminar Library, Mathematics & Statis. 15/05/2014   515.35RAO 24243 15/05/2014 Books 15/05/2014